000 01827cam a22004214i 4500
003 PE-LiUPU
005 20250731183440.0
008 150706s2005 r 000 0 d
020 _a9789393147
035 _a(Sirsi) i9789789393145
040 _aPE-LiUPU
_bspa
_cPE-LiUPU
_erda
049 _aPRUA
082 0 4 _a745.2
_bJ61
_221
100 1 _aJoselevich, Eduardo,
_eautor.
245 1 0 _aDiseño posindustrial :
_bteoría y práctica de la innovación /
_cEduardo Joselevich.
264 1 _aBuenos Aires :
_bEdiciones Infinito,
_c2005.
300 _a110 páginas ;
_c23 cm.
336 _atext
_2rdacontent
337 _aunmediated
_2rdamedia
338 _avolume
_2rdacarrier
504 _aIncluye bibliografía.
505 0 _aLa modernidad, revisitada -- El juego de las ideologías, las tecnologías y el azar -- El diseño y la cultura del trabajo -- Estrategias y modelos de actuación -- Ilustraciones -- Las marcas, protagonistas -- Menú del día: las nuevas aperturas -- Modelos para armar -- El libro, La Red, el tiempo real -- Epílogo.
526 _aP158
526 _aP146
526 _aP17
526 _aP12
526 _aP06
541 _g015-0015391;
650 0 4 _aDiseño industrial.
650 0 4 _aIngeniereía de sistemas.
650 0 4 _aHistoria y movimientos.
910 _cng
_d20130613
942 _2ddc
_cBOOK
949 _a745.2 J61
_wDEWEY
_c1
_i67557
_lCCODEBUL1
_mBUL
_p34.00
_r0
_sY
_tBOOK
_u2015-7-6
_xINGENIERIA
_PP06
_o.STAFF. Colección General
994 _aC0
_bPEPRU
596 _a1
999 _a745.2 J61
_wDEWEY
_c55185
_i67557
_d55185
_e2016-8-11
_f2021-11-10
_g7
_lCCODEBUL1
_mBUL
_n2
_p34.00
_r0
_sY
_tBOOK
_u2015-7-6
_xINGENIERIA
_PP06
_0COMPRA
_o.STAFF. Colección Ingenieria y Arquitectura
980 _81
_gALBERTO SANCHEZ Responsable de Automatización